LEADER 01170nam2 2200397 450 001 990001360610203316 005 20040121171149.0 035 $a000136061 035 $aUSA01000136061 035 $a(ALEPH)000136061USA01 035 $a000136061 100 $a20040121g1973----km-y0itay0103----ba 101 0 $afre 102 $aFR 105 $a||||||||001yy 200 1 $a<<18.>> : On vent sauver Carrier ...$fGracchus Babeuf rédacteur 210 $aParis$cMicroeditions Hachette$d1973 215 $a1 microfot., 15 p.$d10x15 cm 300 $aMicroriproduzione. - Ed. orig.: [S.l. : S.n., S.d.] 410 0$12001 454 1$12001 461 1$1001000136018$12001$aBabeuf et le Babouvisme 600 1 $aBabeuf,$bGracchus 606 0 $aFrancia$xStoria$zSec. 18. 676 $a848 700 1$aBABEUF,$bGracchus$0250631 702 1$aSOBOUL,$bA. 801 0$aIT$bsalbc$gISBD 912 $a990001360610203316 951 $a848 BAB Microfot.$b15212 L.M.$c848 959 $aBK 969 $aUMA 979 $aSIAV5$b10$c20040121$lUSA01$h1711 979 $aPATRY$b90$c20040406$lUSA01$h1736 996 $aOn vent sauver Carrier ..$9932482 997 $aUNISA LEADER 01250nam--2200361---450- 001 990002125370203316 005 20091106152032.0 035 $a000212537 035 $aUSA01000212537 035 $a(ALEPH)000212537USA01 035 $a000212537 100 $a20041029d1975----km-y0itay0103----ba 101 0 $aita 102 $aIT 105 $a||||||||001yy 200 1 $a<> doppia imposizione internazionale sul reddito e sul patrimonio$econ analisi e commento delle soluzioni adottate dall'Italia$fMichele Del Giudice 210 $aMilano$cFratelli Conte$d1975 215 $a307 p.$e24 cm 410 0$12001 454 1$12001 461 1$1001-------$12001 700 1$aDEL GIUDICE,$bMichele$0128851 801 0$aIT$bsalbc$gISBD 912 $a990002125370203316 951 $aXXIII.1.N. 206 (IG VIII 25 101)$b43741 G.$cXXIII.1.N. 206 (IG VIII)$d00246709 951 $aXXIII.1.N. 206 a (IG VIII 25 103)$b52734 G.$cXXIII.1.N. 206 a (IG VIII)$d00246710 959 $aBK 969 $aGIU 979 $aSIAV5$b10$c20041029$lUSA01$h1526 979 $aRSIAV5$b90$c20091106$lUSA01$h1518 979 $aRSIAV5$b90$c20091106$lUSA01$h1520 996 $aDoppia imposizione internazionale sul reddito e sul patrimonio$91036179 997 $aUNISA